000 nam a22 a 4500
999 _c571
_d571
005 20170504114824.0
008 170504s1983 my ||||| |||| 00| 0 MAY d
040 _aAKMAL
082 _222
_a155.7 LAN
090 _a155.7
_bLAN
100 _aHasan Langgulung
_91267
245 _aTeori-teori kesihatan mental
_bperbandingan psikologi moden dan pendekatan pakar pakar pendidikan Islam /
_coleh Dr. Hassan Langgulung
260 _aKajang
_bPenerbitan Pustaka Huda
_c1983
300 _a360ms.
_c22cm
599 _aDALAM PROSES
650 _aIslam
_xPsychology
_91268
942 _2ddc
_cBOOK